| 000 | 00664nam a22002297a 4500 | ||
|---|---|---|---|
| 003 | UA-OsUOA | ||
| 001 | 54486 | ||
| 007 | ta | ||
| 008 | 20080618b un ||||| |||| 00| 0 ukr d | ||
| 090 |
_a343.5:396 _bН31 |
||
| 942 | _cBK | ||
| 040 |
_aUA-OsUOA _bukr _cUA-OsUOA _dUA-OsUOA |
||
| 245 |
_aНасильство проти жінок _bОновлене дослідження |
||
| 300 | _a48 с. | ||
| 955 | _a4 | ||
| 041 | _aukr | ||
| 080 | _a343.5:396 | ||
| 260 |
_aК. _c2005 |
||
| 246 | 3 | 1 |
_aЩо про це думають молоді люди? _n |
| 650 | 7 |
_a343 Кримінальне право. Карні порушення _2UDC |
|
| 999 |
_c340385 _d340385 |
||